000 00675nam a2200301Ia 4500
005 20260401122337.0
008 008 250103s9999 xx 000 0 eng d
020 _a9780313338588
037 _aTB
040 _aEDL
040 _beng
040 _cEDL
041 _2eng
041 _aeng
084 _a809 COO
084 _qEDL
100 _aCooksey, Thomas L.
_91233305
245 0 _aMasterpieces of Non-Western World Literature
245 0 _cCooksey, Thomas L.
260 _aWestport
260 _bGreenwood Press
260 _c2007
300 _a209p
942 _cTB
942 _h809 COO
999 _c1846656
_d1846656